000
00302nam a22001217a 4500
020
_a
0130322202
082
_2
22
_a
005.4469
100
_a
Mann, Scott.
245
_a
Linux TCP/IP network administration /
260
_a
USA,
_b
Prentice Hall,
_c
c2002.
300
_a
xxv, 847 p. ;
_b
ill. ;
942
_2
ddc
_c
IT
_0
1
999
_c
3899
_d
3899